| 000 | 01083cam a22003015i 4500 | ||
|---|---|---|---|
| 001 | 17809272 | ||
| 003 | EG-ScBUE | ||
| 005 | 20250812091632.0 | ||
| 008 | 130712t2013 nyua f b 001 0 eng d | ||
| 020 | _a9781627035644 (alk. paper) | ||
| 040 |
_aEG-ScBUE _beng _erda _cEG-ScBUE _dEG-ScBUE |
||
| 082 | 0 | 4 |
_a543.4 _222 _bDNA |
| 245 | 0 | 0 |
_aDNA electrophoresis : _bmethods and protocols / _cedited by Svetlana Makovets, Institute of Cell Biology, University of Edinburgh, Edinburgh, UK. |
| 264 | 1 |
_aNew York : _bHumana Press, _c[2013] |
|
| 264 | 4 | _cc2013 | |
| 300 |
_ax, 299 pages : _billustrations ; _c28 cm. |
||
| 336 |
_2rdacontent _atext _btxt |
||
| 337 |
_aunmediated _2rdamedia _bn |
||
| 338 |
_avolume _bnc _2rdacarrier |
||
| 490 | 0 |
_aMethods in Molecular Biology, _x1064-3745 ; _v1054 |
|
| 504 | _aIncludes bibliographical references and index. | ||
| 650 | 7 |
_aElectrophoresis _vLaboratory manuals. _2BUEsh |
|
| 650 | 7 |
_aDNA _vLaboratory manuals. _2BUEsh |
|
| 653 |
_bPPhrm _cMarch2016 |
||
| 655 | _vReading book | ||
| 700 | 1 |
_aMakovets, Svetlana, _eeditor. |
|
| 942 |
_2ddc _cBB |
||
| 999 |
_c21420 _d21392 |
||